01979 a2200229 4500003000500000005001700005010001400022020001500036040000900051082001700060100002400077245004800101250001100149260006100160300003100221505125400252600002401506650003501530942001201565999001901577952015301596Nust20220818154914.0 a 99208506 a085296899X cNust a621.3825,SAT aEvans, B.G.,998084 aSatellite communication systemscB.G. Evans a3rd ed aLondon, U.K.bInstitution of Electrical Engineers,c1999 axxvi, 727 pbill. ;c25 cm aIntroduction (Page-1), Historical overview of satellite communications (Page19)3.the satellite communications business(Page-37), Radio regulatory considerations relating to satellite communications systems(Page-69), Introduction to antennas (Page-83), Propagation consideration relating to satellite communications systems (Page-99), Interference considerations relating to satellite communications systems (Page- 117), Satellite access techniques (Page- 127), Modulations and modems (Page-157), Channel coding (Page- 183), Satellite system planning (Page-199), Earth station engineering (Page-223), Satellite engineering for communication satellites (Page-245), Payload engineering (Page-289), Earth station and satellite antennas (Page-321), Satellite networking (Page-347), Digital audio broadcasting by satellite (Page- 377), Digital video broadcasting by satellite (Page-397), Mobile satellite communications (Page-457), Satellite personal communication networks (Page-499), Satellite navigation a brief introduction (Page-539), VSATs for business systems (Page-553), Military satellite communications (Page-583), Microsatellites and minisatellite for affordable access to space (Page-621), Future trends in satellite communications (Page-647). aEvans, B.G.,998084 aSatellite communication980849 2ddccBK c188236d188236 00102ddc4070aMCSbMCScREFd2016-12-12l2o621.3825,SATpMCS28263q2023-08-02r2023-04-04s2023-04-04w2016-12-12yBKzAlmirah No.23, Shelf No.1